000 00407nam a2200181Ia 4500
001 3021
005 20260306144850.0
008 260306t1976||||xx |||||||||||||| ||spa||
041 _aESP
082 _a242
_bB94
100 _aBurke, Cormac
_eAUT
245 0 _aConciencia y libertad
260 _c1976
300 _a137 páginas :
_c19 cm.
650 _aGEN
654 _aCHU
942 _cLIB
_dJUS
_fJUS
_2ddc
_n
999 _c3021
_d3021